| 000 | 01370nam0a2200337 4500 | ||
|---|---|---|---|
| 001 | RU\NLR\bibl\106807 | ||
| 005 | 20250617090056.0 | ||
| 010 |
_a5-279-01910-0 _95000 |
||
| 021 |
_aRU _b2000-18439 _9872 |
||
| 035 | _a(NLR Aleph) 000104527 | ||
| 090 |
_a591356 _c591356 |
||
| 100 | _a20000907d2000 |||y0rusy50 ca | ||
| 101 | 0 | _arus | |
| 102 | _aRU | ||
| 105 | _ay ||||||||| | ||
| 200 | 1 |
_aБухгалтерский учет в общественном питании _fВ.В. Патров, Л.В. Нуридинова, Н.К. Тараненко |
|
| 210 |
_aМ. _cФинансы и статистика _d2000 |
||
| 215 |
_a317,[1] с. _d21 |
||
| 320 | _aБиблиогр. в подстроч. прим. | ||
| 606 | 0 |
_aОбщественное питание _xБухгалтерский учет _yРоссийская Федерация _92097004 _3RU\NLR\auth\661268691 |
|
| 686 | _aУ052.9(2)242 | ||
| 700 | 1 |
_aПатров _bВ. В. _gВиктор Владимирович _4070 |
|
| 701 | 1 |
_aНуридинова _bЛ. В. _gЛюбовь Вячеславовна _4070 |
|
| 701 | 1 |
_aТараненко _bН. К. _gНадежда Константиновна _4070 |
|
| 801 | 0 |
_aRU _bNLR _c20000907 _gPSBO |
|
| 801 | 1 |
_aRU _bNLR _c20000907 |
|
| 830 | _aАвт. по кн. | ||
| 852 |
_aNLR _j2000-3/8730 |
||
| 942 | _cBOOK | ||
| 980 | _aNB | ||